Score 0/50 Timer 02:30
0 Plays Today
Country Size % Correct
United StatesLarge
96.9%
New ZealandLarge (7)
96.9%
CanadaLarge
96.9%
PhilippinesLarge
96.9%
European UnionLarge
96.9%
AustraliaLarge
96.9%
BrazilLarge
96.9%
South AfricaLarge
96.9%
United StatesSmall
93.8%
European UnionSmall
93.8%
South AfricaSmall
93.8%
CanadaSmall
93.8%
BrazilSmall
93.8%
PhilippinesSmall
93.8%
United StatesMedium
92.3%
New ZealandMedium (5)
92.3%
AustraliaMedium
92.3%
CanadaMedium
92.3%
South AfricaMedium
92.3%
European UnionMedium
92.3%
BrazilMedium
92.3%
PhilippinesMedium
92.3%
United StatesVery Large or Extra-Large
90.8%
CanadaExtra Large
90.8%
PhilippinesExtra Large
90.8%
Country Size % Correct
European UnionExtra Large
90.8%
AustraliaExtra-Large
90.8%
BrazilExtra
90.8%
South AfricaExtra Large
90.8%
United StatesJumbo
60%
New ZealandJumbo (6)
60%
CanadaJumbo
60%
PhilippinesJumbo
60%
AustraliaJumbo
60%
BrazilJumbo
60%
South AfricaJumbo
60%
KyrgyzstanHighest
50.8%
KyrgyzstanFirst
33.8%
KyrgyzstanSecond
32.3%
KyrgyzstanThird
32.3%
AustraliaKing-size
29.2%
KyrgyzstanSelect
26.2%
United StatesPeewee
20%
CanadaPeewee
20%
PhilippinesPewee
20%
New ZealandStandard (6)
16.9%
New ZealandPullet (4)
13.8%
PhilippinesPullets
13.8%
BrazilIndustrial
10.8%
PhilippinesNo weight
9.2%
Remove Ads.
Support Sporcle.
Get the best of Sporcle when you Go Orange. This ad-free experience offers more features, more stats, and more fun while also helping to support Sporcle. Thank you for becoming a member.

You're not logged in!

Compare scores with friends on all Sporcle quizzes.
OR
Log In

Show Comments

Extras

Top Quizzes Today


Score Distribution

Your Account Isn't Verified!

In order to create a playlist on Sporcle, you need to verify the email address you used during registration. Go to your Sporcle Settings to finish the process.

Report this User

Report this user for behavior that violates our Community Guidelines.

Details: